Countries most similar to San Marino - Statistics

General Stats
  • This quiz has been taken 29 times
  • The average score is 14 of 20
Answer Stats
Rank Country % Correct
8 Italy
96%
1 Vatican City
96%
4 Andorra
92%
12 Spain
88%
5 Luxembourg
85%
2 Monaco
85%
10 Portugal
85%
11 Austria
81%
13 France
81%
7 Malta
81%
15 Cyprus
73%
16 Greece
73%
3 Liechtenstein
73%
9 Belgium
69%
14 Germany
69%
6 Switzerland
65%
20 Croatia
50%
18 Ireland
38%
17 Romania
35%
19 Serbia
31%
No matching quizzes found
Score Distribution
Percent of People with Each Score
Percentile by Number Answered
Your Score History
You have not taken this quiz